000 00751cab a2200229 4500
001 WB2548-08
008 090401t1989 xxu||||| |||| 00| 0 eng d
035 _a(Sirsi) u16379
041 _aeng
245 _aMetal corrosion
260 _c1989
350 _a0
490 _aDoE News Release
_vno 639, 5 December 1989 (2)
520 _aAnnounces publication of a BRE report, " Corrosion of metal s in swimming pool buildings, which examines the cause of the failures and discusses the implications for other uses of stainless steel in humid conditions.
650 _aBUILDING DEFECTS
650 _aHUMIDITY
650 _aLEISURE CENTRES
650 _aSUSPENDED CEILINGS
690 _aBUILT ENVIRONMENT
942 _n0
948 _c04/03/1997
999 _c10774
_d10774